The Central Provinces and Berar Local Government Act, 1948 (Record no. 488094)

000 -LEADER
fixed length control field 00360cam a22001097a 4500
008 - FIXED-LENGTH DATA ELEMENTS--GENERAL INFORMATION
fixed length control field 180718b1949 xxu||||| |||| 00| 0 eng d
082 ## - DEWEY DECIMAL CLASSIFICATION NUMBER
Classification number B703x5422 C333/1948
100 ## - MAIN ENTRY--PERSONAL NAME
Personal name Central Provinces and Berar. Local Self-Government Department
245 ## - TITLE STATEMENT
Title The Central Provinces and Berar Local Government Act, 1948
260 ## - PUBLICATION, DISTRIBUTION, ETC.
Place of publication, distribution, etc. Nagpur
Name of publisher, distributor, etc. The author
Date of publication, distribution, etc. 1949
300 ## - PHYSICAL DESCRIPTION
Extent 72p.
Holdings
Withdrawn status Lost status Damaged status Not for loan Permanent Location Current Location Date acquired Full call number Barcode Date last seen Price effective from Koha item type
        Indian Institute of Public Administration Indian Institute of Public Administration 2018-08-04 B703x5422 C333/1948 GR2507 2018-08-04 2018-08-04 GR

Powered by Koha